Analysis and design of Iot based healthcare model for disease diagnosis using data mining techniques (Record no. 393735)

MARC details
000 -LEADER
fixed length control field 00572nam a22001817a 4500
005 - DATE & TIME
control field 20251029124712.0
008 - FIXED-LENGTH DATA ELEMENTS--GENERAL INFORMATION
fixed length control field 251029b |||||||| |||| 00| 0 eng d
040 ## - CATALOGING SOURCE
Original cataloging agency VIVEKANANDA LIBRARY
082 ## - DDC NUMBER
Classification number 004.678
Book Number N229A
100 ## - MAIN ENTRY--PERSONAL NAME
Personal name Navita
245 ## - TITLE STATEMENT
Title Analysis and design of Iot based healthcare model for disease diagnosis using data mining techniques
260 ## - PUBLICATION, DISTRIBUTION, ETC. (IMPRINT)
Name of publisher, distributor, etc Department of Computer Science and Applications, M D University, Rohtak
Date of publication, distribution, etc 2025
300 ## - PHYSICAL DESCRIPTION
Pages xxi, 1999
650 ## - Subject
Subject Computer Science
650 ## - Subject
Subject Data Mining Techniques
700 ## - Added Entry Personal Name
Added Entry Personal Name Mittal, Pooja
942 ## - ADDED ENTRY ELEMENTS (KOHA)
Koha item type Thesis
Holdings
Withdrawn status Lost status Source of classification or shelving scheme Damaged status Not for loan Location (home branch) Sublocation or collection (holding branch) Shelving location Date acquired Koha issues (times borrowed) Koha full call number Accession No. Koha date last seen Copy number Koha item type
    Dewey Decimal Classification     VIVEKANANDA LIBRARY VIVEKANANDA LIBRARY Vivekananda Library 29/10/2025   004.678 N229A 411228 29/10/2025 R Thesis
© Designed and Maintained by Vivekananda Library, MDU Rohtak